LDR 00775naa#a2200181#i#450# 001 EN\\bibl\126815 005 20260701204946.3 011 ## _a1815-588X 100 ## _a20260630b2026####ek#y0engy0150####ca 102 ## _aRU 200 1# _aThe Use of a Special Device for Transporting Links During the Restoration of the Railway Track _eJournal article 210 1# _aSaint-Petersburg _cFSBEI HE "Emperor Alexander I St. Petersburg State Transport University" _d2026 215 ## _a8 с. 608 ## _aJournal article _2local 675 ## _aЖелезные дороги в целом. Железнодорожные линии. Железнодорожное строительство. 625.1 _z 700 #1 _aMiroshnik _gAleksandr Anatol'evich 700 #1 _aDanilenko _gAndrey Ivanovich 856 4# _aatjournal.ru _u